| 000 | 00574 a2200169 4500 | ||
|---|---|---|---|
| 003 | Nust | ||
| 005 | 20230307125536.0 | ||
| 040 | _cNust | ||
| 082 | _a355.07,MEL | ||
| 100 |
_aMellenthin F.W.Von _948661 |
||
| 245 |
_aPanzer Battles / _cF.W.Von Mellenthin |
||
| 260 |
_aPakistan _bArmy education press |
||
| 505 | _aPart One: Poland, France and the Balkans (Page-3), Part Two: The Western Desert (Page-43), Part Three: Russia (Page-151), Part Four: Campaign in The West (Page-311). | ||
| 600 |
_aF.W von.Mellenthin _9109950 |
||
| 650 |
_aBattels _9109951 |
||
| 942 |
_2ddc _cBK |
||
| 999 |
_c185513 _d185513 |
||